Normal view
MARC view
Entry Personal Name
001 - CONTROL NUMBER
- control field: 345848
003 - CONTROL NUMBER IDENTIFIER
- control field: OSt
005 - DATE AND TIME OF LATEST TRANSACTION
- control field: 20220926042132.0
008 - FIXED-LENGTH DATA ELEMENTS
- fixed length control field: 220926|| aca||aabn | a|a d
040 ## - CATALOGING SOURCE
- Original cataloging agency: OSt
- Transcribing agency: OSt
100 ## - HEADING--PERSONAL NAME
- Personal name: White Langdon
670 ## - SOURCE DATA FOUND
- Source citation: Work cat.: (OSt)668941: White Langdon, College geography, 1957
